000 00392nam a2200157Ia 4500
008 230917s9999||||xx |||||||||||||| ||und||
020 _cRS195
040 _e298
_aMAIN
041 _aEnglish
082 _a667.9 S49P
100 _aSamsonov, G V, ed.
245 0 _aProtective coatings on metals. V6
260 _aNew Delhi
_bAmerind Publishing
_c1984
300 _aviii, 321 p.
942 _cBK
999 _c69110
_d69110